| 000 | 00536nam a22001697a 4500 | ||
|---|---|---|---|
| 003 | SISC | ||
| 005 | 20160714115121.0 | ||
| 008 | 160714b xxu||||| |||| 00| 0 eng d | ||
| 020 | _a9789382007869 | ||
| 050 |
_aHM 258 _b.G981 2015 |
||
| 100 | _aGuru, Mahesh Chandra. | ||
| 245 |
_aApplied development communication / _cMahesh Chandra Guru. |
||
| 260 |
_aNew Delhi : _bDominant Publishers & Distributors Pvt Ltd, _c2015. |
||
| 300 |
_a954 pages ; _c25 cm. |
||
| 500 | _aIncludes bibliographical references and index. | ||
| 942 |
_2lcc _cBK |
||
| 999 |
_c297717 _d297717 |
||